00870nam a2200229Ia 4500008004100000020001800041040005900059041000800118060001100126245015700137260006100294300005000355650002000405650002000425650002200445700002700467700003300494700003700527700002700564700002300591700002600614130821s2013 sp a gr spa  a9788498354386 aCo-BoUCMbspacnuevodAldemar Mondragón (modificó)00aspa aWL 10200aManual de neurofisiología clínicacManuel Alegre Esteban ...[y otros autores.] ; coordinadores Jorge Iriarte Franco, Julio Artieda González-Granda aMadrid (España)bEditorial Médica Panamericanac2013 axii, 396 páginasbilustraciones, gráficas 7aNeuroanatomía 7aNeurobiología 7aNeurofisiología1 aAlegre Esteban, Manuel1 aArcocha Aguirrezábal, Juan1 aArtieda González-Granda, Julio1 aArtieda Urrutia, Paula1 aCieza Ortiz, Sofia1 aIriarte Franco, Jorge